|
|
|
|
| LEADER |
02083nam a2200517 a 4500 |
| 001 |
nkc20061695927 |
| 003 |
CZ PrNK |
| 005 |
20140217091637.0 |
| 007 |
ta |
| 008 |
061102s2006 xr a e p 000 0 cze |
| 015 |
|
|
|a cnb001695927
|
| 020 |
|
|
|a 978-80-7231-156-9
|q (brož.)
|z 80-7231-156-5 :
|c Kč 67,00
|
| 035 |
|
|
|a (OCoLC)137329563
|
| 040 |
|
|
|a BOA001
|b cze
|d ABA001
|
| 072 |
|
7 |
|a 623
|x Vojenská technika
|2 Konspekt
|9 19
|
| 072 |
|
7 |
|a 37.016
|x Učební osnovy. Vyučovací předměty. Učebnice
|2 Konspekt
|9 22
|
| 080 |
|
|
|a 623.441/.443
|2 MRF
|
| 080 |
|
|
|a 623.41/.44
|2 MRF
|
| 080 |
|
|
|a 623.4.018
|2 MRF
|
| 080 |
|
|
|a (075.8)
|2 MRF
|
| 100 |
1 |
|
|a Popelínský, Lubomír,
|d 1931-2017
|7 ola2002159212
|4 aut
|
| 245 |
1 |
0 |
|a Měření a zkoušení zbraní II. :
|b zkoušky zbraní ve výzkumu, vývoji, výrobě a při nákupu /
|c autor Lubomír Popelínský
|
| 250 |
|
|
|a Vyd. 1.
|
| 260 |
|
|
|a Brno :
|b Univerzita obrany,
|c 2006
|
| 300 |
|
|
|a 104 s. :
|b il. ;
|c 30 cm
|
| 500 |
|
|
|a Nad názvem: Univerzita obrany, katedra zbraní a munice
|
| 500 |
|
|
|a Nad názvem označení: S-3671/2
|
| 500 |
|
|
|a V tiráži vročení 2007
|
| 500 |
|
|
|a 50 výt.
|
| 504 |
|
|
|a Obsahuje bibliografii
|
| 650 |
0 |
7 |
|a střelné zbraně
|7 ph116324
|2 czenas
|
| 650 |
0 |
7 |
|a hlavňové zbraně
|7 ph285330
|2 czenas
|
| 650 |
0 |
7 |
|a zkoušení zbraní
|7 ph392775
|2 czenas
|
| 650 |
0 |
9 |
|a ranged weapons
|2 eczenas
|
| 650 |
0 |
9 |
|a barrel guns
|2 eczenas
|
| 650 |
0 |
9 |
|a weapons testing
|2 eczenas
|
| 655 |
|
7 |
|a učebnice vysokých škol
|7 fd133772
|2 czenas
|
| 655 |
|
9 |
|a textbooks (higher)
|2 eczenas
|
| 710 |
2 |
|
|a Univerzita obrany.
|b Katedra zbraní a munice
|7 ko2006332888
|
| 856 |
4 |
1 |
|u https://www.digitalniknihovna.cz/mzk/uuid/uuid:5cb37a80-f9c1-11e7-b1a1-005056827e52
|y Digitalizovaný dokument
|x NDK
|
| 910 |
2 |
|
|a BOA001
|b 3-1182.191
|
| 990 |
|
|
|a BK
|
| 995 |
|
|
|a 01
|
| 991 |
|
|
|b 200704
|c NOV
|
| 996 |
6 |
|
|b 2610306610
|c 3-1182.191
|l MZK
|r Sklad / do 1 hodiny
|n 0
|p p.v.
|w 000846345
|u 000010
|a 1
|e BOA001
|j MZK50
|s P
|
| 996 |
7 |
|
|b 2610306611
|c 3-1182.191
|l MZK
|r Sklad / do 1 hodiny
|n 10
|p p.v.
|w 000846345
|u 000020
|a 1
|e BOA001
|j MZK50
|s A
|